| 000 | 00981nam a22002055i 4500 | ||
|---|---|---|---|
| 001 | 163791 | ||
| 003 | ES-MaACL | ||
| 005 | 20230906212819.0 | ||
| 008 | 050718s1899 sp ac | |||||||| ||spa d | ||
| 040 |
_aCAM _bspa _cCAM |
||
| 100 | 1 |
_aRodríguez Martín, Sebastián. _9131946 |
|
| 245 | 1 | 0 |
_aD. Ceferino G. del Campillo, organizador y jefe de la 1ª Guerrilla montada de movilizados de Corralillo, provincia de Santa Clara _b: guerrilleros movilizados de Cuba : marzo de 1899 / _c[Sebastián Rodríguez Martín]. |
| 260 |
_aMadrid : _b[s.n.], _c1899 ( _fEstablecimiento tipográfico de Francisco Nozal) |
||
| 300 |
_a78 p., [1] h. de lám. ; _c22 cm. |
||
| 594 | _aDato de autor consta en la cub. | ||
| 599 | _aLa h. de lám. retrato del biografiado. | ||
| 600 | 1 | 4 |
_aCampillo, Ceferino G. del- _xBiografías. _9126301 |
| 651 | 4 |
_aCuba- _xHistoria- _y1810-1899. _9148036 |
|
| 852 |
_aES-MaACL _jT-926-F-1 _z-- Enc. hol., conservando la cub. original _z-- Enc. en un vol. facticio |
||
| 999 |
_c163791 _d163791 |
||